Normal view
MARC view
Entry Personal Name
001 - CONTROL NUMBER
- control field: 1168946
003 - CONTROL NUMBER IDENTIFIER
- control field: OSt
005 - DATE AND TIME OF LATEST TRANSACTION
- control field: 20260324123059.0
008 - FIXED-LENGTH DATA ELEMENTS
- fixed length control field: 260324|| aca||aabn | a|a d
040 ## - CATALOGING SOURCE
- Original cataloging agency: OSt
- Transcribing agency: OSt
100 ## - HEADING--PERSONAL NAME
- Personal name: Wendy Olson; Betsy O. Barefoot; Margot Soven; Dolores Lehr; Siskanna Naynaha
670 ## - SOURCE DATA FOUND
- Source citation: Work cat.: (OSt)1762154: Wendy Olson; Betsy O. Barefoot; Margot Soven; Dolores Lehr; Siskanna Naynaha, Linked Courses for General Education and Integrative Learning
